Podium de la Ligue 1 depuis 1990 - Statistiques

Statistiques générales
  • Ce quiz a été pris 605 fois
  • Le résultat moyen est 96 sur 102
Statistiques - réponses
rang Réponse % Correct
1 | 2 | 3 Marseille
100%
1 | 2 | 3 Paris
100%
1 | 2 | 3 Lyon
98%
1 | 2 | 3 Monaco
97%
1 | 2 | 3 Lille
96%
1 | 2 Bordeaux
92%
1 | 2 Lens
90%
1 Montpellier
90%
3 Brest
88%
3 Rennes
86%
1 | 3 Nantes
85%
3 Nice
84%
3 Toulouse
69%
1 | 3 Auxerre
65%
2 Metz
45%
Aucun quiz correspondant
Distribution des résultats
% des personnes avec chaque résultat
Percentile par nombre de réponses
Votre historique - résultats
Vous n’avez pas pris ce quiz